Looking beyond students' exploration and learning strategies The role of test-taking effort in complex problem-solving /

Elmentve itt :
Bibliográfiai részletek
Szerzők: Csányi Róbert
Molnár Gyöngyvér
Dokumentumtípus: Cikk
Megjelent: 2025
Sorozat:INTELLIGENCE 109
Tárgyszavak:
doi:10.1016/j.intell.2025.101907

mtmt:35811933
Online Access:http://publicatio.bibl.u-szeged.hu/36237
LEADER 00789nab a2200217 i 4500
001 publ36237
005 20250306194628.0
008 250306s2025 hu o 000 eng d
022 |a 0160-2896 
024 7 |a 10.1016/j.intell.2025.101907  |2 doi 
024 7 |a 35811933  |2 mtmt 
040 |a SZTE Publicatio Repozitórium  |b hun 
041 |a eng 
100 1 |a Csányi Róbert 
245 1 0 |a Looking beyond students' exploration and learning strategies  |h [elektronikus dokumentum] :  |b The role of test-taking effort in complex problem-solving /  |c  Csányi Róbert 
260 |c 2025 
300 |a 12 
490 0 |a INTELLIGENCE  |v 109 
650 4 |a Oktatástudomány 
700 0 1 |a Molnár Gyöngyvér  |e aut 
856 4 0 |u http://publicatio.bibl.u-szeged.hu/36237/1/1-s2.0-S0160289625000108-main.pdf  |z Dokumentum-elérés